Stardew Valley Townspeople - Statistics

General Stats
  • This quiz has been taken 37 times
  • The average score is 30 of 40
Answer Stats
Hint Answer % Correct
Supplies you animals Marnie
96%
Person who always wins the egg hunt if you dont Abigail
92%
Owns the Stardrop saloon Gus
92%
Runs the pharmacy Harvey
92%
Lives alone in a tower Wizard
92%
A Green haired woman Caroline
88%
Mayor of the village Lewis
88%
Alcoholic living in a trailer Pam
88%
Teacher to the children in the valley Penny
88%
Plays guitar Sam
88%
Is a fishing expert Willy
88%
Lives with their grandparents Alex
84%
Is an artist living in a cabin Leah
84%
Helps Harvey with the pharmacy Maru
84%
Local Carpenter Robin
84%
If married, will make blue chickens Shane
84%
Blacksmith with feelings for emily Clint
80%
Only dark skinned person in the valley Demetrius
80%
Uses a wheelchair George
80%
Lives in a tent Linus
80%
Male child Vincent
80%
Loves all gemstones Emily
76%
Tends to the public gardens Evelyn
76%
Wished the valley had a mall Haley
76%
Moves in after a year Kent
76%
Keyboard player in Sam’s band Sebastian
76%
Loves ancient dolls Jas
72%
Mystical creatures in community centre Junimos
68%
First found in winter in a bush Krobus
68%
Married to that person Jodi
64%
Lives in calico desert Sandy
64%
Runs the library Gunther
60%
Lives in a treehouse on ginger island Leo
56%
“Join us, thrive” Morris
56%
Played the piano and is writing a book Elliott
52%
Runs the adventures guild Marlon
52%
Sits in a rocking chair Gil
44%
Has a crop named after himself Mr Qi
44%
Has a “secret stash” Pierre
44%
Lived in the sewers Dwarf
36%
No matching quizzes found
Score Distribution
Percent of People with Each Score
Percentile by Number Answered
Your Score History
You have not taken this quiz